Elenca la formazione - Quiz n°93 - Statistics

Statistiche generali
  • Questo quiz è stato fatto 92 volte
  • Il punteggio medio è 5 su 11
Statistiche sulle risposte
Ruolo Nazione Calciatore % Corretto
Difensore Inghilterra Chris Smalling
95%
Centrocampista Italia Bryan Cristante
86%
Difensore Brasile Roger Ibañez
68%
Difensore Argentina Federico Fazio
65%
Trequartista Italia Nicolò Zaniolo
54%
Attaccante Croazia Nikola Kalinić
53%
Trequartista Argentina Diego Perotti
43%
Centrocampista Spagna Gonzalo Villar
33%
Portiere Brasile Daniel Fuzato
16%
Centrocampista Italia Riccardo Calafiori
11%
Centrocampista Italia Davide Zappacosta
10%
Nessun quiz corrispondente trovato
Distribuzione punteggi
Percentuale di utenti per punteggio
Percentile per numero di risposta
I tuoi punteggi nel tempo
Non hai fatto questo quiz